Diccionario ilustrado latín (Registro nro. 13298)

Detalles MARC
000 -Cabecera
Campo de control de longitud fija 00578nam a22002297a 4500
005 - Fecha y hora de la última transacción
Campo de control 20250219145223.0
008 - Elementos de longitud fija--Información general
Campo de control de longitud fija 220329b2002 xxu||||| |||| 00| 0 spa d
020 ## - International Standard Book Number
Número Internacional Estándar del Libro (ISBN) 8483321947
041 ## - Idioma
Código de idioma Español
082 ## - Clasificación Decimal Dewey
Número de clasificación R 473 D545d21
245 ## - Título propiamente dicho
Título Diccionario ilustrado latín
250 ## - Edición
Mención de edición 21 edición
260 ## - Pie de imprenta
Lugar de publicación, distribución, etc. España
260 ## - Pie de imprenta
Nombre del editor, distribuidor, etc. Spes Editorial
260 ## - Pie de imprenta
Fecha de publicación, distribución, etc. 2002
300 ## - Descripción física
Extensión 715 páginas
500 ## - Nota general
Nota general Posee un apéndice con resumen de gramática latina 59 páginas
650 ## - Materia general
Temática (materia general) DICCIONARIOS
650 ## - Materia general
Temática (materia general) LATÍN
650 ## - Materia general
Temática (materia general) ESPAÑOL
942 ## - Punto de acceso adicional KOHA
Tipo de ítem KOHA Referencia
Fuente del sistema de clasificación o colocación Dewey Decimal Classification
Existencias
Signatura completa Código de barras Tipo de ítem
R 473 D545d21 7913 Referencia